TEMPUS PHARE: Trans-European cooperation scheme for higher education between Central and Eastern Europe and the European Community: annual report 1 August 1992 - 31 July 1993. (Record no. 94214)

MARC details
000 -LEADER
fixed length control field 00879cam a2200253 4500
008 - FIXED-LENGTH DATA ELEMENTS--GENERAL INFORMATION
fixed length control field 090401t1994 xxu||||| |||| 00| 0 eng d
020 ## - INTERNATIONAL STANDARD BOOK NUMBER
International Standard Book Number 9277676396
035 ## - SYSTEM CONTROL NUMBER
System control number (Sirsi) u60236
041 ## - LANGUAGE CODE
Language code of text/sound track or separate title eng
110 ## - MAIN ENTRY--CORPORATE NAME
Corporate name or jurisdiction name as entry element Europe
Subordinate unit European Communities Commission
9 (RLIN) 698
245 ## - TITLE STATEMENT
Title TEMPUS PHARE: Trans-European cooperation scheme for higher education between Central and Eastern Europe and the European Community: annual report 1 August 1992 - 31 July 1993.
260 ## - PUBLICATION, DISTRIBUTION, ETC.
Place of publication, distribution, etc. Luxembourg
Name of publisher, distributor, etc. Office for official Publications of the
Date of publication, distribution, etc. 1994
300 ## - PHYSICAL DESCRIPTION
Extent 55p. ; 30cm.
350 ## - PRICE (NR) (BK AM CF MU VM SE) [OBSOLETE]
Price 0
490 ## - SERIES STATEMENT
Series statement COM
Volume/sequential designation (94) 142 final
650 ## - SUBJECT ADDED ENTRY--TOPICAL TERM
Topical term or geographic name entry element CENTRAL EUROPE
650 ## - SUBJECT ADDED ENTRY--TOPICAL TERM
Topical term or geographic name entry element EASTERN EUROPE
650 ## - SUBJECT ADDED ENTRY--TOPICAL TERM
Topical term or geographic name entry element EUROPEAN COMMUNITY
650 ## - SUBJECT ADDED ENTRY--TOPICAL TERM
Topical term or geographic name entry element HIGHER EDUCATION
650 ## - SUBJECT ADDED ENTRY--TOPICAL TERM
Topical term or geographic name entry element TRANS-EUROPEAN COOPERATION SCHEME FOR HIGHER EDUCATION
690 ## - LOCAL SUBJECT ADDED ENTRY--TOPICAL TERM (OCLC, RLIN)
Topical term or geographic name as entry element EUROPE-SINGLE MARKET
942 ## - ADDED ENTRY ELEMENTS (KOHA)
Suppress in OPAC 0
948 ## - LOCAL PROCESSING INFORMATION (OCLC); SERIES PART DESIGNATOR (RLIN)
c (OCLC) 04/03/1997
Holdings
Withdrawn status Lost status Source of classification or shelving scheme Damaged status Not for loan Home library Current library Shelving location Date acquired Total Checkouts Full call number Barcode Date last seen Copy number Price effective from Koha item type
    Dewey Decimal Classification     London London Reference copy 16/06/1994   FILING CABINET 30041812 06/08/2019 1 06/08/2019 Book